[Event "TUR-chT2"]
[Site "Konya"]
[Date "2018.07.14"]
[Round "8.13"]
[White "Ekici, Caner"]
[Black "Toker, Kenan"]
[Result "1-0"]
[WhiteElo "1667"]
[BlackElo "1647"]
[PlyCount "45"]
[EventDate "2018.07.10"]
[EventType "team-swiss"]
[EventRounds "9"]
[EventCountry "TUR"]
[SourceTitle "EXT 2019"]
[Source "ChessBase"]
[SourceDate "2018.10.10"]
[SourceVersion "1"]
[SourceVersionDate "2018.10.10"]
[SourceQuality "1"]
[WhiteTeam "Coru Sunguluru Egitim"]
[BlackTeam "Samsun Genclik"]
[WhiteTeamCountry "TUR"]
[BlackTeamCountry "TUR"]

1. Nf3 d5 2. c4 e6 3. b3 f5 4. Bb2 Nf6 5. g3 c6 6. Bg2 Nbd7 7. 0-0 Bd6 8. d4 0-0 9. Nc3 Ne4 10. Nd2 Qf6 11. e3 g5 12. Ncxe4 fxe4 13. f3 exf3 14. Rxf3 Qg6 15. Rxf8+ Kxf8 16. e4 Qg7 17. Qg4 Nb6 18. Rf1+ Kg8 19. Kh1 Bd7 20. Ba3 Re8 21. Bf3 dxe4 22. Nxe4 Qxd4 23. Qxg5+ 1-0

[Event "Corum op"]
[Site "Corum"]
[Date "2016.05.24"]
[Round "3"]
[White "Toker, Kenan"]
[Black "Karaahmetoglu, Ege"]
[Result "0-1"]
[WhiteElo "1694"]
[BlackElo "2008"]
[PlyCount "128"]
[EventDate "2016.05.23"]
[EventType "swiss"]
[EventRounds "9"]
[EventCountry "TUR"]
[SourceTitle "CBM 172 Extra"]
[Source "ChessBase"]
[SourceDate "2016.06.21"]
[SourceVersion "1"]
[SourceVersionDate "2016.06.21"]
[SourceQuality "1"]

1. d4 d5 2. Bf4 Nf6 3. Nd2 c5 4. e3 Nc6 5. c3 Qb6 6. Qc2 e6 7. Rb1 Bd7 8. Ngf3 Rc8 9. Qd1 Be7 10. Bd3 h6 11. h3 c4 12. Bc2 Qa5 13. Ra1 b5 14. a3 Qb6 15. Ne5 a5 16. Nxd7 Nxd7 17. e4 b4 18. exd5 exd5 19. Bf5 Qb7 20. Qg4 g6 21. Bxd7+ Qxd7 22. Qxd7+ Kxd7 23. axb4 axb4 24. 0-0 Ra8 25. Nf3 g5 26. Ne5+ Nxe5 27. Bxe5 f6 28. Bg3 b3 29. f3 Rhe8 30. Kf2 Bf8 31. f4 Kc6 32. Kf3 f5 33. fxg5 hxg5 34. Be5 Kb7 35. g3 Rxa1 36. Rxa1 Ra8 37. Rb1 Be7 38. Ke3 Ra2 39. g4 f4+ 40. Bxf4 gxf4+ 41. Kxf4 Kc6 42. g5 Ra8 43. h4 Kd6 44. Kg4 Rf8 45. h5 Rf2 46. Kg3 Rf5 47. Rh1 Rxg5+ 48. Kf3 Bf6 49. h6 Ke6 50. h7 Bh8 51. Rh2 Kf6 52. Kf4 Kg6 53. Re2 Rh5 54. Re6+ Kxh7 55. Rd6 Bg7 56. Kg4 Rh2 57. Rxd5 Rxb2 58. Rb5 Rc2 59. Kf5 Rxc3 60. d5 Rd3 61. Ke6 b2 62. d6 c3 63. d7 c2 64. Rxb2 Bxb2 0-1

[Event "Corum op"]
[Site "Corum"]
[Date "2016.05.23"]
[Round "1"]
[White "Toker, Kenan"]
[Black "Soysal, Serkan"]
[Result "0-1"]
[WhiteElo "1694"]
[BlackElo "2356"]
[PlyCount "67"]
[EventDate "2016.05.23"]
[EventType "swiss"]
[EventRounds "9"]
[EventCountry "TUR"]
[SourceTitle "CBM 172 Extra"]
[Source "ChessBase"]
[SourceDate "2016.06.21"]
[SourceVersion "1"]
[SourceVersionDate "2016.06.21"]
[SourceQuality "1"]

1. d4 e6 2. Bf4 c5 3. e3 Nf6 4. Nf3 Nc6 5. c3 d5 6. Nbd2 Bd6 7. Bg3 0-0 8. Bd3 Re8 9. Ne5 Bxe5 10. dxe5 Nd7 11. f4 c4 12. Bb1 Qb6 13. Qc2 Qxe3+ 14. Kf1 g6 15. Nf3 f6 16. exf6 Nxf6 17. Qd2 Qxd2 18. Nxd2 Nh5 19. Kf2 Rf8 20. Ke3 e5 21. fxe5 Bg4 22. Bc2 Nxg3 23. hxg3 Rae8 24. Nf3 Nxe5 25. Nxe5 Rxe5+ 26. Kd4 Re2 27. Ba4 Rd2+ 28. Kc5 Rc8+ 29. Kd6 d4 30. Rae1 dxc3+ 31. Ke7 c2 32. Ref1 Rc7+ 33. Ke8 Re2+ 34. Kd8 0-1